Sor Juana y don Carlos : (Record no. 200129)
[ view plain ]
| 000 -CABECERA | |
|---|---|
| campo de control de longitud fija | 00702nam a2200217 u 4500 |
| 005 - FECHA Y HORA DE LA ÚLTIMA TRANSACCIÓN | |
| campo de control | 20210223133716.0 |
| 008 - ELEMENTOS DE LONGITUD FIJA--INFORMACIÓN GENERAL | |
| campo de control de longitud fija | 181122s2007 mx r 000 0 spa d |
| 020 ## - NÚMERO INTERNACIONAL NORMALIZADO PARA LIBROS | |
| Número Internacional Estándar del Libro | 9789708100984 |
| 035 ## - NÚMERO DE CONTROL DEL SISTEMA | |
| Número de control de sistema | UPN01000228034 |
| 049 ## - COLECCIÓN | |
| Colección | I |
| 050 #4 - SIGNATURA TOPOGRÁFICA DE LA BIBLIOTECA DEL CONGRESO | |
| Número de clasificación | PQ7296 J6 |
| Número de documento/Ítem | S2.7 |
| 100 1# - ASIENTO PRINCIPAL--NOMBRE PERSONAL | |
| Nombre de persona | Saucedo Zarco, Carmen, |
| Fechas asociadas al nombre | 1965- |
| 9 (RLIN) | 42853 |
| 245 10 - MENCIÓN DE TÍTULO | |
| Título | Sor Juana y don Carlos : |
| Resto del título | una amistad entre genios / |
| Mención de responsabilidad, etc. | Carmen Saucedo Zarco. |
| 260 ## - PUBLICACIÓN, DISTRIBUCIÓN, ETC. | |
| Lugar de publicación, distribución, etc. | México : |
| Nombre del editor, distribuidor, etc. | Lumen : |
| -- | CONACULTA, |
| Fecha de publicación, distribución, etc. | c2007. |
| 300 ## - DESCRIPCIÓN FÍSICA | |
| Extensión | 47 p. : |
| Otras características físicas | il. col. |
| 440 #0 - MENCIÓN DE SERIE/ASIENTO SECUNDARIO--TÍTULO | |
| Título | Huellas de México. |
| Nombre de parte o sección de la obra | Espejos de vida |
| 600 04 - ASIENTO SECUNDARIO DE MATERIA - NOMBRE PERSONAL | |
| Nombre de persona | JUANA INES DE LA CRUZ, |
| Títulos y otros términos asociados al nombre | SOR, |
| Fechas asociadas al nombre | 1651-1695 |
| 600 14 - ASIENTO SECUNDARIO DE MATERIA - NOMBRE PERSONAL | |
| Nombre de persona | SIGUENZA Y GONGORA, CARLOS DE, |
| Fechas asociadas al nombre | 1645-1700 |
| 905 ## - TIPO DE MATERIAL | |
| Tipo de material | Infantil |
| Estado de retiro | Estado de pérdida | Fuente del sistema de clasificación o colocación | Estado dañado | No para préstamo | Código de colección | Localización permanente | Ubicación/localización actual | Ubicación en estantería | Fecha de adquisición | Total de préstamos | Clasificación | Código de barras | Fecha visto por última vez | Fecha del último préstamo | Número de copia | Tipo de ítem Koha |
|---|---|---|---|---|---|---|---|---|---|---|---|---|---|---|---|---|
| Library of Congress Classification | Infantil | Bib. Gregorio Torres Quintero | Bib. Gregorio Torres Quintero | Sala infantil Planta baja | 07/03/2023 | 1 | PQ7296 J6 S2.7 | 321406 | 13/03/2023 | 07/03/2023 | 1 | Libro |
